000 00952nam a22002297a 4500
999 _c63375
_d63375
005 20240530110637.0
008 170926s2014 ts g r 000 0 ara d
020 _a9789948149682
040 _aEG-CaGPL
_cEG-CaGPL
082 0 4 _221
_a953.2081 /
_bج ح
100 0 _aجمال سند السويدى
245 1 0 _aحرب اليمن 1994 :
_bالاسباب و النتائج /
_cاعداد جمال سند السويدى ، مايكل هدسون ، بول دريش
250 _aط. 4
260 _aابوظبى :
_bمركز الامارات للدراسات و البحوث الاستراتيجية ،
_c2014.
300 _a141 ص. ؛
_c24 سم.
651 0 7 _2qrmak
_aاليمن
_xتاريخ
_yعلى عبدالله صالح 1978
651 0 7 _2qrmak
_aاليمن
_xسياسة وحكومة
700 1 _aهدسون، مايكل
_eمعد مشارك
700 1 _aدريش، بول
_eمعد مشارك
942 _2ddc
_cBK